000 00601nam a2200205 i 4500
001 133517
003 ES-MaACL
005 20230906194432.0
007 t|
008 070817s1952 sp ||||1| spa d
100 1 _aWolfert, Ira.
_9117251
245 1 0 _aGuerrilleros /
_cIra Wolfert ; [verisón española de F. Vidal-Quadras].
260 _aBarcelona :
_bLuis de Caralt,
_c[1952] (
_fSimpar, S.A.)
300 _a244 p. ;
_c21 cm.
490 1 _aGigante
700 0 _aVidal-Quadras, Fernando.
_9114509
830 0 _aGigante
_9181050
852 _aES-MaACL
_jD-8107
_bR.32354
999 _c133517
_d133517